00401nam a2200145Ia 4500003000400000005001700004008004100021040001800062041000800080100004300088110002100131245004100152260002000193710004200213OSt20260303155201.0211028s2005 xx 000 0 und d cAIMIT LIBRARY aeng aGeorge, Jerry;Pilar, Bharathi.g299757 aPilar, Bharathi. aTransaction data management system / aBangalorec2005 aRWRDC, Hindustan Aeronautical Limited